000 00527cam a22001097a 4500
008 180718b xxu||||| |||| 00| 0 eng d
082 _aT312x54 In2
245 _aFinancial performance of companies ICICI portfolio: 1984-85
_cby Industrial Credit and Investment Corporation of India
260 _aBombay
_bIndustrial Credit and Investment Corporation of India Limited
_c
500 _aContents: Library has1972-73, 1978-79, 1980-81, 1984-88, 1990-91, 1993-94
700 _aMaharashtra.Industrial Credit and Investment Corporation of India
999 _c497903
_d497903